| 000 | 00377nam a22001337a 4500 | ||
|---|---|---|---|
| 020 | _a139780470148501 | ||
| 040 | _cNUST | ||
| 082 |
_a745.2 _bNIK |
||
| 100 |
_aNiku, Saeed B. _913068 |
||
| 245 | _aCreative Design of Products and Systems | ||
| 260 |
_aUnited States: _bJohn Wiley & Sons, _c2009. |
||
| 650 |
_aCreative Design of Products and Systems _9124250 |
||
| 942 |
_2ddc _cBK |
||
| 999 |
_c610160 _d610160 |
||